00262nam a2200097Ia 4500100003200000654002800032245004200060260003800102082001200140546001200152 aReitz/ J.R./ Christy/ R.W.  aElectromagnectic Theory aFoundation of Electromagnectic Theory bNarosa Pub HouseaNew Delhic1993 a530.141 aENGLISH